| 000 | 00359cam a22001337a 4500 | ||
|---|---|---|---|
| 008 | 180718b1957 xxu||||| |||| 00| 0 eng d | ||
| 082 | _aB235 C187g | ||
| 100 | _aCarew Hunt, R.N. | ||
| 245 |
_aGuide to communist jargon _cby R.N. Carew Hunt |
||
| 260 |
_aLondon _bGeoffrey Bles _c1957 |
||
| 300 | _a169p. | ||
| 500 | _a15/- | ||
| 650 | _aCommunism --Terminology. | ||
| 999 |
_c361572 _d361572 |
||